Gaming Quiz

Random Gaming or Toys Quiz
Score 0/22 Timer 06:00
0 Plays Today
Hint Doll % Correct
Iconic fashion doll who's been around for more than 50 years!Barbie
99.5%
Boyfriend of Doll #1Ken
97%
These dolls with a 'vegetable garden' name came with first and middle names & birth certifcates, & wanted to be adoptedCabbage Patch Kids
87.3%
Male soldier doll which led to the coining of the term 'action figure'G.I. Joe
85.6%
Dolls with nodding heads often made into likenesses of athletes & celebrities; Dwight Schrute keeps one of himself on his desk!Bobblehead doll
81.5%
Named after a fruit dessert, she starred in an animated TV series before becoming a doll; her friends were Apple Dumplin', Blueberry Muffin, & Lemon Meringue Strawberry Shortcake
80.3%
Johnny Gruelle created this red-haired floppy doll for his daughter; he also wrote stories about her adventures.Raggedy Ann
76.5%
Small dolls made to resemble people one knows for the purpose of casting spells on themVoodoo doll
74%
Historical dolls from different time periods; Samantha, Felicity, Addy, Molly, etc.American Girl doll
68.4%
Brother of the above doll; he dressed in a sailor suitRaggedy Andy
66.7%
This doll was the likeness of a 1930's child star with curly hairShirley Temple
65.9%
Hint Doll % Correct
Mattel's tiny (less than 1 inch) doll that comes in a compact case filled with tiny accessoriesPolly Pocket
64.9%
Large headed fashion dolls debuting in 2001.Bratz doll
64.1%
Ugly(?) little dolls with wild hair based on creatures from Norse mythologyTroll doll
63.8%
This thin, flat doll is cut out with scissors, as is her wardrobe.Paper doll
59.5%
Mattel's first talking doll; her name is sometimes used as an expression for a talkative personChatty Cathy
59.4%
Teenaged younger sister of above dollSkipper
46.1%
Well muscled man doll whose limbs could be pulled & extended without breakingStretch Armstrong
41.2%
This doll is colorfully dressed, and her friends are the 7 Color Kids; the character started as an animated TV seriesRainbow Brite
39.7%
Small dolls with Cupid-like faces; often naked; often given as carnival prizes in the early 1900'sKewpie doll
35.6%
This doll with a rhyming name was one of the first drink and wet baby dolls.Betsy Wetsy
20.6%
Native American men of the Hopi tribe carve these dolls & give them to the children to acquaint them with spiritual beings.Kachina
10%
Remove Ads.
Support Sporcle.
Get the best of Sporcle when you Go Orange. This ad-free experience offers more features, more stats, and more fun while also helping to support Sporcle. Thank you for becoming a member.

You're not logged in!

Compare scores with friends on all Sporcle quizzes.
OR
Log In

Show Comments

Extras

Top Quizzes Today


Score Distribution

Your Account Isn't Verified!

In order to create a playlist on Sporcle, you need to verify the email address you used during registration. Go to your Sporcle Settings to finish the process.

Report this User

Report this user for behavior that violates our Community Guidelines.

Details: